Nad kartoj rodiny

Salvato in:
Dettagli Bibliografici
Natura: Libro
Lingua:russo
Pubblicazione: Moskva Molodaja gvardija 1949
Edizione:Izdanije vtoroje, prerabotanoje i dopolnennoje
Tags: Aggiungi Tag
Nessun Tag, puoi essere il primo ad aggiungerne!!

MARC

LEADER 00000nam a2200000 4500
001 0307540
005 20250307120609.8
041 0 |a rus 
044 |a RU 
245 1 0 |a Nad kartoj rodiny  |c N. N. Michajlov 
250 |a Izdanije vtoroje, prerabotanoje i dopolnennoje 
264 1 |a Moskva  |b Molodaja gvardija  |c 1949